000 00709nam a2200181 a 4500
008 120416s2000 ||||||||||||||||| || u
020 _a1888577614
050 _aTD 157.15 Sch
100 _aSchneiter, R. Wane
245 1 0 _a101 solved environmental engineering problems
260 _aBelmont, Calif.:
_bProfessional Publications Inc
_c2000
300 _aviii, 171p. : ill.
350 _a0.00
650 _aENVIRONMENTAL ENGINEERING--PROBLEMS, EXERCISES, ETC
650 _aENVIRONMENTAL ENGINEERING--EXAMINATIONS--STUDY GUIDES
650 _aENVIRONMENT
995 _D0.00
_FCBU-MAIN LIBRARY (Kitwe)
_H1
_I24.90
_M1
_UDAMAGED
_ZMain Library Open Access Collection
999 _c33050
_d33050